000 00557nam a2200217Ia 4500
999 _c65363
_d65363
003 0100
008 130303s9999 xx 000 0 und d
040 _cARRUPELIB
050 _aSPC. QH367.L4 1953
100 _aLeakey, Louis Seymour Bazett
_944364
245 _aAdam's ancestors
_ban up-to-date outline of the Old Stone Age (Palaeolithic) and what is known about Man's origin and evolution
_cL.S.B. Leakey
250 _a4th. ed.
260 _aLondon
_bMethuen
_c1953
300 _axx, 244p. ;
_c 23 cm
650 _aMan
_xOrigin
_938181
650 _aStone age
_921644
650 _aMan, Prehistoric
_921549
942 _2lcc
_cSPC